=LDR 00000nam 2200000 4500 =001 INLIS000000000045646 =005 20150206092815.0 =006 =007 =008 =020 ##$$a 978-602-221-134-1 =035 ##$$0010-021500000000206 =040 ##$$a NBPDMAT =082 ##$$a 621.47 =090 ##$$a 621.47 $b Jim t =100 ##$$a Jim Pipe =245 ##$$a Tenaga Surya Sumer energi Murah ? / $c Jim Pipe : penerjemah , Renata Pahon Editor, Titiek Tri i =260 ##$$a Jakarta $b Gading Yanti Prima $c 2013 =300 ##$$a iv, 52 hlm $b Ilus $c 24 cm =650 ##$$a Tenaga matahari =700 ##$$a Retna Pahon =700 ##$$a Titiek Tri i